00524nam a2200157 i 4500001000300000100002300003245009100026260002100117040000800138041000800146942000700154008004100161999001700202856009800219952004900317bg1 aSOWIŃSKI, Maciej 0aRozpraszanie na obiektach żyrotroskopowych i anizotropowych... /cMaciej Sowiński. aWarszawa,c1980. cBPK apol cKS s pl f |000 0 pol  c20871d20871 uhttp://koha.tu.koszalin.pl/cgi-bin/koha/opac-detail.pl?biblionumber=20871yKatalog online BPK 00104070aBPKbBPKcwo29354p01620320yKS